| 000 | 00622 a2200181 4500 | ||
|---|---|---|---|
| 999 |
_c7943 _d7943 |
||
| 020 | _a9788177081510 | ||
| 050 | 0 | 0 | _aHG 3284 UPP 2011 |
| 100 |
_aUppal, R.K. _eauthor |
||
| 245 | 0 | 0 |
_aBanking with technology : _cR.K. Uppal _bto meet 21st century / |
| 264 |
_aNew Delhi : _bKunal Books, _c2011 |
||
| 300 | _axx, 218 p. ; | ||
| 500 | _aIncludes bibliographical references and index | ||
| 504 | _aIncludes bibliographical references and index | ||
| 650 | 0 |
_aBanks and banking _xInformation technology |
|
| 650 | 0 | _aInternet banking | |
| 650 | 0 |
_aBanks and banking _xTechnological innovations |
|
| 942 |
_2lcc _cBK _h3284 _iUPP _kHG |
||